00751nam a2200265 a 4500001001300000003000900013005001700022008004100039020001000080082001700090100002000107245002800127260004800155300000800203500003500211505001700246650001500263650002000278650001900298700002000317902000800337942000700345952011800352999001500470nice12345678IN_TiNIC20260116012740.0050524s1982 boma grp 000 0 eng  ac11500a759.954bDAS aDas, Asok Kumar aDawn of Mughal Painting aBombaybVakils, Feffer and Simons Ltdc1982 a38p aincludes index and biblioraphy2 aBibliography aArt-Mughal aPainting-Mughal aIndia-Painting1 aDas, Asok Kumar bRHR cBK 001040708ReferHall-aHMIbHMId2007-06-13g115.00l0o759.954 DASp014823r2007-06-13v115.00w2005-05-24yBK c8216d8216